000 00976nam a2200217 i 4500
001 16437
003 ES-MaACL
005 20250811072656.0
007 t|
008 000920s1920 sp ||||1| spa d
080 _a34(46:8.03)
245 0 0 _aSelección de las Leyes de Indias referentes a descubrimientos, colonización, pacificaciones, incremento de la riqueza, de la beneficencia y de la cultura, en los países de ultramar.
260 _aMadrid :
_bMinisterio de Trabajo y Previsión, Dirección General de Acción Social y Emigración,
_c1929.
300 _a175 p. ;
_c25 cm.
490 1 _aPublicaciones de la Dirección General de Acción Social y Emigración
650 1 4 _aDerecho colonial-
_zAmérica española
_911671
710 1 _aEspaña.
_bMinisterio de Trabajo y Previsión
_93933
830 0 _aPublicaciones de la Dirección General de Acción Social y Emigración
_9228651
852 _aES-MaACL
_jG-2175
_bR.129138
999 _c16437
_d16437